000
00318nam a22001457a 4500
008
210304b ||||| |||| 00| 0 eng d
020
_a
9781111342135
041
_a
eng
080
_2
8th
_a
94
082
_a
94
100
_a
16
101
_a
SHH
245
_a
Western Civilization
_c
Spielvogel, J.J
942
_2
udc
_c
BK
999
_c
55733
_d
55733